[Event "?"]
[Site "ICS rated blitz match, 208.19"]
[Date "1997.??.??"]
[Round "?"]
[White "Brause"]
[Black "brit"]
[Result "1-0"]
[WhiteElo "2730"]
[BlackElo "2170"]
[PlyCount "27"]

1. e4 e5 2. Nf3 Nc6 3. Nc3 Nf6 4. Nxe5 Nxe5 5. d4 Ng6 6. e5 Bb4 7. exf6 Qxf6 8.
Bc4 O-O 9. O-O Bxc3 10. bxc3 d6 11. Rb1 b6 12. Be3 Bb7 13. Qg4 Rfe8 14. Bg5 1-0

[Event "?"]
[Site "ICS rated blitz match, 208.19"]
[Date "1997.??.??"]
[Round "?"]
[White "Brause"]
[Black "brit"]
[Result "1-0"]
[WhiteElo "2735"]
[BlackElo "2170"]
[PlyCount "39"]

1. e4 e5 2. Nf3 Nc6 3. Nc3 Nf6 4. Nxe5 Nxe5 5. d4 Ng6 6. e5 Bb4 7. exf6 Qxf6 8.
Bc4 O-O 9. O-O Bxc3 10. bxc3 d6 11. Rb1 b6 12. Be3 Bf5 13. Qd2 h6 14. Bd5 Rae8
15. Bc6 Re7 16. Rbe1 Be4 17. Bxe4 Rxe4 18. Bg5 Qf5 19. Qd3 d5 20. f3 1-0

[Event "?"]
[Site "ICS rated blitz match, 208.19"]
[Date "1997.??.??"]
[Round "?"]
[White "Brause"]
[Black "loete"]
[Result "1-0"]
[WhiteElo "2655"]
[BlackElo "2135"]
[PlyCount "47"]

1. e4 e5 2. Nf3 Nc6 3. Nc3 Nf6 4. Nxe5 Nxe5 5. d4 Nc6 6. d5 Ne5 7. f4 Ng6 8. e5
Ng8 9. d6 cxd6 10. exd6 Nf6 11. Nb5 Bxd6 12. Nxd6+ Kf8 13. Bc4 Qe7+ 14. Kf1 b5
15. Bxf7 Ba6 16. Qd3 Rb8 17. Bxg6 hxg6 18. Be3 b4 19. Qxa6 Qxe3 20. Qc4 Qe6 21.
Qc7 Re8 22. Nxe8 Nxe8 23. Qc5+ Qe7 24. Qxa7 1-0

[Event "?"]
[Site "ICS rated blitz match, 208.19"]
[Date "1997.??.??"]
[Round "?"]
[White "Brause"]
[Black "richbe"]
[Result "1-0"]
[WhiteElo "2660"]
[BlackElo "2200"]
[PlyCount "45"]

1. e4 e5 2. Nf3 Nc6 3. Nc3 Nf6 4. Nxe5 Nxe5 5. d4 Bb4 6. dxe5 Nxe4 7. Qg4 d5 8.
Qxg7 Rf8 9. Qxh7 Nxc3 10. a3 Ba5 11. Bd2 Qe7 12. f4 d4 13. Qd3 Nd5 14. Qb5+ Bd7
15. Qxa5 Bc6 16. O-O-O a6 17. Bb4 Nxb4 18. Qxb4 Qxb4 19. axb4 O-O-O 20. Rd2 Rg8
21. Rg1 Rg4 22. g3 Be4 23. Bh3 1-0

[Event "?"]
[Site "ICS rated blitz match, 208.19"]
[Date "1997.??.??"]
[Round "?"]
[White "Brause"]
[Black "loete"]
[Result "1-0"]
[WhiteElo "2665"]
[BlackElo "2050"]
[PlyCount "87"]

1. e4 e5 2. Nf3 Nc6 3. Nc3 Nf6 4. Nxe5 Nxe5 5. d4 Nc6 6. d5 Nb8 7. e5 Ng8 8. d6
cxd6 9. exd6 Bxd6 10. Qxd6 Qe7+ 11. Qxe7+ Nxe7 12. Nb5 Kd8 13. Nd6 Rf8 14. Be3
Nbc6 15. O-O-O b6 16. f4 g6 17. Bc4 f6 18. Rd2 Kc7 19. Rhd1 a5 20. Nxc8 Raxc8
21. Rxd7+ Kb8 22. Bxb6 Nb4 23. Bxa5 Rxc4 24. Bxb4 Rxb4 25. Rxe7 h5 26. g3 Rc4
27. Rdd7 g5 28. b3 Rc6 29. a4 gxf4 30. Rb7+ Ka8 31. Ra7+ Kb8 32. Reb7+ Kc8 33.
Rg7 Kb8 34. Rab7+ Ka8 35. gxf4 Re6 36. a5 Ra6 37. b4 Rb8 38. Rxb8+ Kxb8 39. Kd2
Rd6+ 40. Kc3 Re6 41. b5 Re4 42. b6 Rxf4 43. a6 Rf3+ 44. Kb2 1-0

[Event "?"]
[Site "ICS rated blitz match, 208.19"]
[Date "1997.??.??"]
[Round "?"]
[White "Brause"]
[Black "brit"]
[Result "1-0"]
[WhiteElo "2650"]
[BlackElo "2085"]
[PlyCount "68"]

1. e4 e5 2. Nf3 Nc6 3. Nc3 Nf6 4. Nxe5 Nxe5 5. d4 Nc6 6. d5 Bb4 7. dxc6 Nxe4 8.
Qd4 Qe7 9. Be2 O-O 10. cxb7 Bxb7 11. O-O Nxc3 12. bxc3 Bxc3 13. Qxc3 Qxe2 14.
Bb2 Qg4 15. f3 Qg6 16. Qxc7 Bc6 17. Rf2 Rab8 18. Bd4 Rfe8 19. Qxa7 Rb5 20. Qc7
Rd5 21. Re2 Ra8 22. Rb1 h6 23. Rb8+ Rxb8 24. Qxb8+ Kh7 25. Qb4 Qd6 26. Qxd6
Rxd6 27. Rd2 Re6 28. a3 d5 29. Kf2 Re8 30. f4 Ra8 31. Rd3 Ra4 32. Ke3 Bb5 33.
Rb3 Bc4 34. Rc3 Kg6 1-0

[Event "?"]
[Site "ICS rated blitz match, 208.19"]
[Date "1997.??.??"]
[Round "?"]
[White "Brause"]
[Black "brit"]
[Result "1-0"]
[WhiteElo "2650"]
[BlackElo "2085"]
[PlyCount "59"]

1. e4 e5 2. Nf3 Nc6 3. Nc3 Nf6 4. Nxe5 Nxe5 5. d4 Nc6 6. d5 Bb4 7. Bg5 Nb8 8.
e5 h6 9. exf6 hxg5 10. fxg7 Rg8 11. Qf3 Rxg7 12. O-O-O Bxc3 13. Qxc3 Kf8 14. d6
cxd6 15. Rxd6 Nc6 16. Bc4 Qa5 17. Qf6 Ne7 18. g4 b5 19. Bxf7 Rxf7 20. Qh8+ Ng8
21. Rg6 d6 22. Rxg8+ Ke7 23. Rxc8 Rxc8 24. Qxc8 Rxf2 25. Qb7+ Ke8 26. Qc6+ Kf7
27. Qd5+ Kf8 28. Qxd6+ Kf7 29. Qd5+ Kf8 30. Qc5+ 1-0

[Event "?"]
[Site "ICS rated blitz match, 208.19"]
[Date "1997.??.??"]
[Round "?"]
[White "Brause"]
[Black "brit"]
[Result "1-0"]
[WhiteElo "2650"]
[BlackElo "2085"]
[PlyCount "98"]

1. e4 e5 2. Nf3 Nc6 3. Nc3 Nf6 4. Nxe5 Nxe5 5. d4 Nc6 6. d5 Bb4 7. dxc6 Nxe4 8.
Qd4 Qe7 9. Be2 O-O 10. cxb7 Bxb7 11. O-O Bc5 12. Qc4 d5 13. Nxd5 Bxd5 14. Qxd5
Rad8 15. Qf5 Nxf2 16. Qf3 Ng4+ 17. Kh1 Ne5 18. Qg3 Bd6 19. Bf4 Ng6 20. Bxd6
Rxd6 21. Bd3 Re8 22. Rfe1 Qd7 23. Rxe8+ Qxe8 24. Re1 Re6 25. Rxe6 Qxe6 26. b3
Qe5 27. Qxe5 Nxe5 28. Be4 g6 29. Kg1 f5 30. Bd5+ Kf8 31. Kf2 Ke7 32. Bf3 Nxf3
33. Kxf3 g5 34. Ke3 Kd6 35. Kd4 h5 36. b4 a6 37. c4 c6 38. a4 f4 39. b5 axb5
40. axb5 cxb5 41. cxb5 g4 42. Ke4 f3 43. gxf3 gxf3 44. Kxf3 Kc5 45. Kg3 Kxb5
46. Kh4 Kc6 47. Kxh5 Kd7 48. Kg6 Ke7 49. Kg7 Ke8 1-0

[Event "?"]
[Site "ICS rated blitz match, 208.19"]
[Date "1997.??.??"]
[Round "?"]
[White "Brause"]
[Black "brit"]
[Result "1-0"]
[WhiteElo "2655"]
[BlackElo "2080"]
[PlyCount "77"]

1. e4 e5 2. Nf3 Nc6 3. Nc3 Nf6 4. Nxe5 Nxe5 5. d4 Ng6 6. e5 Bb4 7. exf6 Qxf6 8.
Bc4 O-O 9. O-O Bxc3 10. bxc3 d6 11. Rb1 b6 12. Be3 Be6 13. Bxe6 fxe6 14. Qe2
Rf7 15. Qc4 e5 16. d5 a5 17. Rb5 Raf8 18. Rd1 Nf4 19. Rd2 Qg6 20. f3 Kh8 21.
Rb1 Qf5 22. Re1 g5 23. Rf2 h6 24. Ref1 Qg6 25. Rd2 Re7 26. Re1 Qf7 27. Qc6 Kg7
28. Qb7 Qg6 29. Bxb6 Ref7 30. Bxc7 Nxg2 31. Rxg2 Rxf3 32. Bxd6+ R8f7 33. Bxe5+
Kh7 34. Qc8 Rf8 35. Qc7+ R3f7 36. Qxa5 Qf5 37. Qb5 g4 38. Qd3 Qxd3 39. cxd3 1-0

[Event "?"]
[Site "ICS rated blitz match, 208.19"]
[Date "1997.??.??"]
[Round "?"]
[White "Brause"]
[Black "brit"]
[Result "1-0"]
[WhiteElo "2660"]
[BlackElo "2075"]
[PlyCount "115"]

1. e4 e5 2. Nf3 Nc6 3. Nc3 Nf6 4. Nxe5 Nxe5 5. d4 Nc6 6. d5 Bb4 7. dxc6 Nxe4 8.
Qd4 Qe7 9. Be2 O-O 10. cxb7 Bxb7 11. O-O Bc5 12. Qc4 Nxc3 13. bxc3 Qe4 14. Qxe4
Bxe4 15. Bd3 Bxd3 16. cxd3 Rfe8 17. Bf4 Bd6 18. Bxd6 cxd6 19. Rfe1 Kf8 20. Kf1
Re6 21. Re2 Rb8 22. g3 Ke7 23. Rae1 Rb5 24. f4 f5 25. Kf2 Ra5 26. Rb2 Kf6 27.
Re3 Ra3 28. c4 Rc3 29. Kf3 g6 30. h3 Ke7 31. g4 Ra3 32. gxf5 gxf5 33. Rg2 Kf6
34. Rc2 a5 35. Rd2 Rc3 36. Rb2 Rc1 37. Rbe2 Rh1 38. Kg2 Ra1 39. Rxe6+ dxe6 40.
Rd2 a4 41. Kf3 Rh1 42. Kg2 Ra1 43. Kg3 Rg1+ 44. Kh2 Ra1 45. d4 Rb1 46. c5 dxc5
47. dxc5 Rc1 48. Rd4 Rxc5 49. Rxa4 Rc2+ 50. Kg3 Rc3+ 51. Kh4 Rc2 52. Kh5 Rh2
53. h4 Rb2 54. a3 Rf2 55. Rb4 Ra2 56. a4 Ra3 57. Kh6 Rh3 58. h5 1-0

[Event "?"]
[Site "ICS rated blitz match, 208.19"]
[Date "1997.??.??"]
[Round "?"]
[White "Brause"]
[Black "brit"]
[Result "1-0"]
[WhiteElo "2660"]
[BlackElo "2070"]
[PlyCount "33"]

1. e4 e5 2. Nf3 Nc6 3. Nc3 Nf6 4. Nxe5 Nxe5 5. d4 Nc6 6. d5 Bb4 7. dxc6 Nxe4 8.
Qd4 Qe7 9. Be2 O-O 10. cxb7 Bxb7 11. O-O Nxc3 12. bxc3 Qxe2 13. cxb4 Bc6 14. c4
Rfe8 15. f3 Qc2 16. Bb2 Re2 17. Qxg7# 1-0

[Event "?"]
[Site "ICS rated blitz match, 208.19"]
[Date "1997.??.??"]
[Round "?"]
[White "Brause"]
[Black "brit"]
[Result "1-0"]
[WhiteElo "2665"]
[BlackElo "2070"]
[PlyCount "133"]

1. e4 e5 2. Nf3 Nc6 3. Nc3 Nf6 4. Nxe5 Nxe5 5. d4 Ng6 6. e5 Bb4 7. exf6 Qxf6 8.
Bc4 O-O 9. O-O Bxc3 10. bxc3 d6 11. Be3 Be6 12. Bxe6 Qxe6 13. Rb1 b6 14. d5 Qe5
15. Qd2 Qh5 16. Qd1 Qxd1 17. Rfxd1 a5 18. Rd4 Rfe8 19. Kf1 Re7 20. Ke2 Rae8 21.
g3 Ne5 22. Re1 Nd7 23. h3 Nc5 24. Kf3 f5 25. Kf4 g6 26. Rb1 Kg7 27. Rc4 Kf6 28.
Kf3 g5 29. Bd4+ Kg6 30. Bxc5 dxc5 31. Rd1 Rd8 32. Ra4 Rd6 33. c4 Re4 34. Rd3
Kf6 35. a3 Ke5 36. Kg2 Rf6 37. Rd2 f4 38. f3 Re1 39. Kf2 Ra1 40. gxf4+ Rxf4 41.
d6 cxd6 42. Rd5+ Ke6 43. Rxg5 Rd4 44. c3 Rd2+ 45. Ke3 Rb2 46. Rh5 Re1+ 47. Kf4
Rc2 48. Rh6+ Kd7 49. Rxh7+ Kc6 50. Rh8 Rxc3 51. Kg3 Ree3 52. Rc8+ Kd7 53. Rf8
Rxa3 54. Rxa3 Rxa3 55. h4 Rc3 56. h5 Rxc4 57. h6 Rc1 58. h7 Rh1 59. h8=Q Rxh8
60. Rxh8 a4 61. Rh7+ Kc6 62. f4 b5 63. f5 b4 64. f6 b3 65. f7 b2 66. f8=Q b1=Q
67. Qa8+ 1-0

[Event "?"]
[Site "ICS rated blitz match, 208.19"]
[Date "1997.??.??"]
[Round "?"]
[White "Brause"]
[Black "brit"]
[Result "1-0"]
[WhiteElo "2670"]
[BlackElo "2065"]
[PlyCount "97"]

1. e4 e5 2. Nf3 Nc6 3. Nc3 Nf6 4. Nxe5 Nxe5 5. d4 Ng6 6. e5 Bb4 7. exf6 Qxf6 8.
Bc4 O-O 9. O-O Bxc3 10. bxc3 d6 11. Rb1 b6 12. Be3 Bb7 13. Qg4 Rae8 14. Bg5 h5
15. Qxh5 Qf5 16. Bd3 Be4 17. Rb5 c5 18. Bxe4 Rxe4 19. dxc5 dxc5 20. Qf3 Qxf3
21. gxf3 Re2 22. Rc1 Rfe8 23. Be3 R2xe3 24. fxe3 Rxe3 25. Kf2 Rxc3 26. Rb3 Rc4
27. Re3 f6 28. Re8+ Kf7 29. Rb8 Ne5 30. Rb7+ Kg6 31. Ke2 Rc3 32. f4 Ng4 33.
Rxa7 Nxh2 34. Rb7 Kf5 35. Rxb6 Kxf4 36. Rb3 Rc4 37. Kd3 Rd4+ 38. Kc3 g5 39. Rb5
Rd5 40. Kc4 Re5 41. Rxc5 g4 42. Rxe5 fxe5 43. a4 g3 44. a5 g2 45. Rg1 Kf3 46.
a6 e4 47. a7 Kf2 48. Rxg2+ Kxg2 49. a8=Q 1-0

[Event "?"]
[Site "ICS rated blitz match, 208.19"]
[Date "1997.??.??"]
[Round "?"]
[White "Brause"]
[Black "brit"]
[Result "1-0"]
[WhiteElo "2620"]
[BlackElo "2015"]
[PlyCount "59"]

1. e4 e5 2. Nf3 Nc6 3. Nc3 Nf6 4. Nxe5 Nxe5 5. d4 Nc6 6. d5 Bb4 7. Bg5 Ne7 8.
Bxf6 gxf6 9. Qd4 Bxc3+ 10. Qxc3 Ng6 11. O-O-O d6 12. Bb5+ Bd7 13. Be2 O-O 14.
g4 Qe7 15. f3 c5 16. dxc6 bxc6 17. Qd2 Be6 18. Qxd6 Qxd6 19. Rxd6 Rfd8 20. Rxc6
Nf4 21. Bb5 Rab8 22. Rc5 Kg7 23. Re1 Rb6 24. b3 Rdb8 25. Bf1 Rd6 26. Rc7 Rd7
27. Rxd7 Bxd7 28. Kd2 a5 29. Ke3 a4 30. Kxf4 1-0

[Event "?"]
[Site "ICS rated blitz match, 208.19"]
[Date "1997.??.??"]
[Round "?"]
[White "Brause"]
[Black "brit"]
[Result "1-0"]
[WhiteElo "2620"]
[BlackElo "2010"]
[PlyCount "43"]

1. e4 e5 2. Nf3 Nc6 3. Nc3 Nf6 4. Nxe5 Nxe5 5. d4 Nc6 6. d5 Bb4 7. Bg5 Ne7 8.
Bxf6 gxf6 9. Qd4 Bxc3+ 10. Qxc3 Ng6 11. O-O-O d6 12. Rd4 O-O 13. Rc4 Re8 14. h4
Re7 15. Qxf6 Bd7 16. h5 Ne5 17. h6 Qf8 18. Rxc7 Ng6 19. Rxb7 Bc8 20. Rxe7 Nxe7
21. Qxd6 Ng6 22. Qf6 1-0

[Event "?"]
[Site "ICS rated blitz match, 208.19"]
[Date "1997.??.??"]
[Round "?"]
[White "Brause"]
[Black "brit"]
[Result "1-0"]
[WhiteElo "2630"]
[BlackElo "2010"]
[PlyCount "63"]

1. e4 e5 2. Nf3 Nc6 3. Nc3 Nf6 4. Nxe5 Nxe5 5. d4 Nc6 6. d5 Bb4 7. Bg5 Ne7 8.
Bxf6 gxf6 9. Qd4 Bxc3+ 10. Qxc3 Ng6 11. Bc4 d6 12. O-O Bd7 13. Qb3 Ne5 14. Be2
O-O 15. f4 Ng6 16. Qxb7 Rb8 17. Qxa7 Rxb2 18. Bd3 Qb8 19. Qd4 Qb6 20. Qxb6 cxb6
21. Rfb1 Rxb1+ 22. Rxb1 Nxf4 23. Rxb6 Nxd3 24. cxd3 Ra8 25. a3 Rxa3 26. Rxd6
Bb5 27. d4 Rd3 28. e5 Rxd4 29. exf6 Rd1+ 30. Kf2 Rf1+ 31. Ke3 h6 32. Rb6 1-0

[Event "?"]
[Site "ICS rated blitz match, 208.19"]
[Date "1997.??.??"]
[Round "?"]
[White "Brause"]
[Black "brit"]
[Result "1-0"]
[WhiteElo "2630"]
[BlackElo "2010"]
[PlyCount "143"]

1. e4 e5 2. Nf3 Nc6 3. Nc3 Nf6 4. Nxe5 Nxe5 5. d4 Ng6 6. e5 Bb4 7. exf6 Qxf6 8.
Bc4 O-O 9. O-O Bxc3 10. bxc3 d6 11. Rb1 b6 12. Be3 Be6 13. Bxe6 Qxe6 14. d5 Qd7
15. Qd4 Rfe8 16. Rbd1 Re7 17. Bg5 f6 18. Be3 Rae8 19. Rfe1 a5 20. Re2 Re4 21.
Qd2 Qa4 22. Ra1 Ne5 23. Ree1 Nc4 24. Qd3 Nxe3 25. Rxe3 Rxe3 26. fxe3 Re5 27. c4
Qb4 28. Rd1 Qc5 29. Kf2 f5 30. Rb1 Re4 31. Rb2 Qxc4 32. Qxc4 Rxc4 33. Ke2 Kf7
34. Kd3 Rh4 35. h3 Kf6 36. Rb3 Ke5 37. Rc3 g5 38. Rxc7 Ra4 39. Re7+ Kxd5 40.
Rxh7 Ra3+ 41. Kd2 Rxa2 42. Rh5 Ke4 43. Rxg5 a4 44. Rh5 a3 45. Rh4+ Ke5 46. Kc3
b5 47. Rb4 Ra1 48. Rxb5+ Ke4 49. Ra5 Rg1 50. Rxa3 Kxe3 51. Kb2+ Kf4 52. Rf3+
Ke4 53. Rf2 Ke3 54. Rxf5 Rxg2 55. Rd5 Rg6 56. h4 Rh6 57. h5 Ke4 58. c4 Rf6 59.
Kb3 Rf3+ 60. Kb4 Rf6 61. Kb5 Rh6 62. Kc6 Kf4 63. Kb6 Ke4 64. Kc7 Kf4 65. Rxd6
Rxh5 66. Kb6 Ke4 67. c5 Rh1 68. c6 Rb1+ 69. Kc7 Rc1 70. Kd7 Ke5 71. c7 Rc2 72.
Rc6 1-0

[Event "?"]
[Site "ICS rated blitz match, 208.19"]
[Date "1997.??.??"]
[Round "?"]
[White "Brause"]
[Black "brit"]
[Result "1-0"]
[WhiteElo "2635"]
[BlackElo "2010"]
[PlyCount "41"]

1. e4 e5 2. Nf3 Nc6 3. Nc3 Nf6 4. Nxe5 Nxe5 5. d4 Ng6 6. e5 Bb4 7. exf6 Qxf6 8.
Bc4 d6 9. O-O Bxc3 10. Qe2+ Be6 11. Bxe6 Qxe6 12. Qb5+ Qd7 13. Qxb7 O-O 14.
bxc3 Rfe8 15. Rb1 Qg4 16. Qxc7 Nh4 17. Qc6 Rac8 18. h3 Rxc6 19. hxg4 Rxc3 20.
Rb2 f5 21. Bg5 1-0

[Event "?"]
[Site "ICS rated blitz match, 208.19"]
[Date "1997.??.??"]
[Round "?"]
[White "Brause"]
[Black "brit"]
[Result "1-0"]
[WhiteElo "2640"]
[BlackElo "2115"]
[PlyCount "111"]

1. e4 e5 2. Nf3 Nc6 3. Nc3 Nf6 4. Nxe5 Nxe5 5. d4 Ng6 6. e5 Bb4 7. exf6 Qxf6 8.
Bc4 O-O 9. O-O Bxc3 10. bxc3 d6 11. Rb1 b6 12. Be3 Be6 13. Bxe6 Qxe6 14. d5 Qd7
15. Qd4 Rfe8 16. Rbd1 Re7 17. Bg5 f6 18. Be3 Rae8 19. Rfe1 Re4 20. Qd2 Qa4 21.
Ra1 Qc4 22. Red1 Ne5 23. Rdb1 a5 24. Re1 Ng4 25. a3 R8e5 26. Rad1 Nxe3 27. Rxe3
Rxe3 28. fxe3 Qc5 29. Kf2 Qxa3 30. Qd4 Kf7 31. Rd3 Qa2 32. Rd2 a4 33. Qd3 g6
34. Qb5 a3 35. Qd7+ Re7 36. Qa4 Qb2 37. Qb3 Re5 38. Rd1 Qxb3 39. cxb3 a2 40.
Ra1 Rxd5 41. Rxa2 Rd3 42. Rc2 Ke6 43. Ke2 Rd5 44. e4 Rb5 45. Rb2 Ke5 46. Ke3 c5
47. Kd3 Ra5 48. b4 cxb4 49. cxb4 Ra3+ 50. Kc4 Kxe4 51. Kb5 d5 52. Kxb6 d4 53.
Rf2 f5 54. h3 Ke3 55. Rf3+ Ke2 56. Rxa3 1-0

[Event "?"]
[Site "ICS rated blitz match, 208.19"]
[Date "1997.??.??"]
[Round "?"]
[White "Brause"]
[Black "brit"]
[Result "1-0"]
[WhiteElo "2630"]
[BlackElo "2115"]
[PlyCount "103"]

1. e4 e5 2. Nf3 Nc6 3. Nc3 Nf6 4. Nxe5 Nxe5 5. d4 Ng6 6. e5 Bb4 7. exf6 Qxf6 8.
Bc4 O-O 9. O-O Bxc3 10. bxc3 d6 11. Rb1 b6 12. Be3 Be6 13. Bxe6 Qxe6 14. d5 Qd7
15. Qd4 Rfe8 16. Rbd1 Re7 17. Bg5 f6 18. Be3 Rae8 19. Qb4 a5 20. Qd4 Re4 21.
Qd3 Qa4 22. Ra1 Ne5 23. Qe2 Qc4 24. Qd2 Ng4 25. Rfe1 Nxe3 26. Rxe3 Rxe3 27.
fxe3 Re5 28. Rd1 Qxa2 29. Qd3 a4 30. c4 Qb2 31. c3 Qa3 32. Rb1 f5 33. Kf2 Re4
34. Rb4 Qa2+ 35. Qe2 Qxe2+ 36. Kxe2 a3 37. Kd3 Rg4 38. g3 Rg6 39. Ra4 Rh6 40.
Rxa3 Rxh2 41. Ra8+ Kf7 42. Ra7 Rg2 43. Rxc7+ Kf6 44. Rd7 Rxg3 45. Rxd6+ Ke7 46.
Rxb6 h5 47. c5 h4 48. Rb7+ Kf6 49. c6 f4 50. c7 Rxe3+ 51. Kd4 Re8 52. Rb8 1-0

[Event "?"]
[Site "ICS rated blitz match, 208.19"]
[Date "1997.??.??"]
[Round "?"]
[White "Brause"]
[Black "brit"]
[Result "1-0"]
[WhiteElo "2635"]
[BlackElo "2110"]
[PlyCount "20"]

1. e4 e5 2. Nf3 Nc6 3. Nc3 Nf6 4. Nxe5 Nxe5 5. d4 Bb4 6. dxe5 Nxe4 7. Qg4 Nxc3
8. Qxb4 Nd5 9. Qg4 O-O 10. Bh6 g6 1-0

[Event "?"]
[Site "ICS rated blitz match, 208.19"]
[Date "1997.??.??"]
[Round "?"]
[White "Brause"]
[Black "brit"]
[Result "0-1"]
[WhiteElo "2635"]
[BlackElo "2110"]
[PlyCount "104"]

1. e4 e5 2. Nf3 Nc6 3. Nc3 Nf6 4. Nxe5 Nxe5 5. d4 Ng6 6. e5 Bb4 7. exf6 Qxf6 8.
Bc4 O-O 9. O-O Bxc3 10. bxc3 d6 11. Rb1 b6 12. Be3 Be6 13. Bxe6 Qxe6 14. d5 Qd7
15. Qd4 Rfe8 16. Rbd1 Re7 17. Rd2 Rae8 18. Qb4 a5 19. Qb3 Re4 20. Rd4 h6 21.
Rxe4 Rxe4 22. Rd1 Qg4 23. f3 Qh5 24. c4 Rh4 25. h3 Qe5 26. Re1 Nf4 27. g3 Rxh3
28. gxf4 Qh5 29. Bd2 Rxf3 30. Qxf3 Qxf3 31. Re8+ Kh7 32. Re1 h5 33. Be3 h4 34.
Rf1 Qxe3+ 35. Rf2 h3 36. Kf1 Qg3 37. Ke2 h2 38. Rf1 Qg2+ 39. Ke1 Qxf1+ 40. Kxf1
h1=Q+ 41. Kf2 Qh3 42. c5 bxc5 43. Ke2 Kg6 44. Kd2 Kf5 45. Ke1 Qh2 46. Kd1 Ke4
47. f5 Ke3 48. Kc1 Qe5 49. c3 Kd3 50. a3 Qe2 51. Kb1 Kxc3 52. f6 Qb2# 0-1

[Event "?"]
[Site "ICS rated blitz match, 208.19"]
[Date "1997.??.??"]
[Round "?"]
[White "Brause"]
[Black "brit"]
[Result "1-0"]
[WhiteElo "2605"]
[BlackElo "2140"]
[PlyCount "49"]

1. e4 e5 2. Nf3 Nc6 3. Nc3 Nf6 4. Nxe5 Nxe5 5. d4 Ng6 6. e5 Bb4 7. exf6 Qxf6 8.
Bc4 O-O 9. O-O Bxc3 10. bxc3 d6 11. Rb1 b6 12. Be3 Be6 13. Bxe6 fxe6 14. Qe2
Rf7 15. Rb5 e5 16. d5 Raf8 17. Rb4 a5 18. Ra4 Qf5 19. Rc1 Nf4 20. Bxf4 exf4 21.
Qf3 Re7 22. h3 Rfe8 23. Rxf4 Re1+ 24. Kh2 R8e7 25. Rxf5 1-0

[Event "?"]
[Site "ICS rated blitz match, 208.19"]
[Date "1997.??.??"]
[Round "?"]
[White "Brause"]
[Black "brit"]
[Result "1-0"]
[WhiteElo "2605"]
[BlackElo "2140"]
[PlyCount "85"]

1. e4 e5 2. Nf3 Nc6 3. Nc3 Nf6 4. Nxe5 Nxe5 5. d4 Ng6 6. e5 Bb4 7. exf6 Qxf6 8.
Bc4 O-O 9. O-O Bxc3 10. bxc3 d6 11. Rb1 b6 12. Be3 Be6 13. Bxe6 Qxe6 14. d5 Qd7
15. Qd4 Rfe8 16. Rbd1 Re7 17. Bg5 f6 18. Be3 Rae8 19. Rfe1 Re4 20. Qd2 Qa4 21.
Ra1 Qc4 22. Red1 Ne5 23. Rdb1 a5 24. Re1 Ng4 25. a3 f5 26. Rad1 h6 27. h3 Nxe3
28. Rxe3 Rxe3 29. fxe3 Re5 30. Kh2 Qc5 31. Qd3 Qxa3 32. Rf1 g6 33. Rf4 Qc5 34.
Rd4 Kg7 35. g4 Qa3 36. Rc4 Qc1 37. Rxc7+ Kf6 38. gxf5 Rxf5 39. Qd4+ Re5 40.
Qf4+ Rf5 41. Qxd6+ Kg5 42. Qg3+ Kh5 43. Qg4# 1-0

[Event "?"]
[Site "ICS rated blitz match, 208.19"]
[Date "1997.??.??"]
[Round "?"]
[White "Brause"]
[Black "brit"]
[Result "1-0"]
[WhiteElo "2610"]
[BlackElo "2135"]
[PlyCount "73"]

1. e4 e5 2. Nf3 Nc6 3. Nc3 Nf6 4. Nxe5 Nxe5 5. d4 Ng6 6. e5 Bb4 7. exf6 Qxf6 8.
Bc4 O-O 9. O-O Bxc3 10. bxc3 d6 11. Rb1 b6 12. Be3 Be6 13. Bxe6 fxe6 14. Qe2
Rf7 15. Rb5 e5 16. d5 a5 17. Qc4 Raf8 18. Rd1 Qf5 19. Rd2 Nf4 20. Kh1 Qg6 21.
f3 Qh5 22. Rb1 g5 23. Kg1 Rg7 24. Rf1 Kh8 25. Rff2 Rfg8 26. Rd1 Qf7 27. Qe4 h5
28. Rfd2 Rf8 29. Re1 g4 30. Red1 gxf3 31. Qxf3 Qg6 32. Bxf4 Rxf4 33. Qe2 Rgf7
34. Qa6 Kh7 35. Re1 Qg4 36. Qd3+ Qf5 37. Qe2 1-0

[Event "?"]
[Site "ICS rated blitz match, 208.19"]
[Date "1997.??.??"]
[Round "?"]
[White "Brause"]
[Black "brit"]
[Result "1-0"]
[WhiteElo "2610"]
[BlackElo "2135"]
[PlyCount "83"]

1. e4 e5 2. Nf3 Nc6 3. Nc3 Nf6 4. Nxe5 Nxe5 5. d4 Ng6 6. e5 Bb4 7. exf6 Qxf6 8.
Bc4 O-O 9. O-O Bxc3 10. bxc3 d6 11. Rb1 b6 12. Be3 Be6 13. Bxe6 Qxe6 14. d5 Qd7
15. Qd4 Rfe8 16. Rbd1 Re7 17. Bg5 f6 18. Be3 Rae8 19. Rfe1 Re4 20. Qd2 Qa4 21.
Ra1 Qc4 22. Red1 Ne5 23. Rdb1 a5 24. Re1 Ng4 25. a3 f5 26. Rad1 h6 27. h3 Nxe3
28. Rxe3 Rxe3 29. fxe3 Qc5 30. Kf2 Re5 31. Qd4 Qb5 32. c4 Qa4 33. Qc3 Kf7 34.
Rd4 Qd7 35. Rf4 g5 36. Rf3 Kg6 37. Kg1 Qe7 38. Qd3 Re4 39. g3 Qe5 40. Kh1 Qa1+
41. Kg2 Qe1 42. g4 1-0

[Event "?"]
[Site "ICS rated blitz match, 208.19"]
[Date "1997.??.??"]
[Round "?"]
[White "Brause"]
[Black "babulina"]
[Result "1-0"]
[WhiteElo "2585"]
[BlackElo "2230"]
[PlyCount "43"]

1. e4 e5 2. Nf3 Nc6 3. Nc3 Nf6 4. Nxe5 Nxe5 5. d4 Nc6 6. d5 Ne5 7. f4 Ng6 8. e5
Ng8 9. d6 cxd6 10. exd6 Qf6 11. Nb5 Kd8 12. Be3 b6 13. Qd5 Rb8 14. O-O-O Bb7
15. Qd2 Ra8 16. Nxa7 Qe6 17. Bxb6+ Ke8 18. Re1 Be4 19. Nb5 Rc8 20. Nc7+ Rxc7
21. dxc7 d5 22. Rxe4 1-0

[Event "?"]
[Site "ICS rated blitz match, 208.19"]
[Date "1997.??.??"]
[Round "?"]
[White "Brause"]
[Black "pateras"]
[Result "1-0"]
[WhiteElo "2620"]
[BlackElo "2135"]
[PlyCount "33"]

1. e4 e5 2. Nf3 Nc6 3. Nc3 Nf6 4. Nxe5 Nxe5 5. d4 Nc6 6. d5 Ne5 7. f4 Ng6 8. e5
Ng8 9. d6 cxd6 10. exd6 Qb6 11. Qe2+ Kd8 12. f5 Nh4 13. Qg4 Bxd6 14. Qxg7 Nxf5
15. Qxh8 Nfe7 16. Bg5 Kc7 17. O-O-O 1-0

[Event "?"]
[Site "ICS rated blitz match, 208.19"]
[Date "1997.??.??"]
[Round "?"]
[White "Brause"]
[Black "honor"]
[Result "1-0"]
[WhiteElo "2630"]
[BlackElo "2140"]
[PlyCount "22"]

1. e4 e5 2. Nf3 Nc6 3. Nc3 Nf6 4. Nxe5 Nxe5 5. d4 Ng6 6. e5 Ng8 7. Bc4 Bb4 8.
Qf3 Bxc3+ 9. bxc3 Qe7 10. O-O b6 11. Qxa8 Kd8 1-0

[Event "?"]
[Site "ICS rated blitz match, 208.19"]
[Date "1997.??.??"]
[Round "?"]
[White "Brause"]
[Black "honor"]
[Result "1-0"]
[WhiteElo "2630"]
[BlackElo "2140"]
[PlyCount "29"]

1. e4 e5 2. Nf3 Nc6 3. Nc3 Nf6 4. Nxe5 Nxe5 5. d4 Ng6 6. e5 Ng8 7. Bc4 Bb4 8.
Qf3 Bxc3+ 9. bxc3 Qe7 10. O-O c6 11. a4 b6 12. Ba3 d6 13. Qxc6+ Qd7 14. Qxa8
dxe5 15. Bb5 1-0

[Event "?"]
[Site "ICS rated blitz match, 208.19"]
[Date "1997.??.??"]
[Round "?"]
[White "Brause"]
[Black "honor"]
[Result "1-0"]
[WhiteElo "2630"]
[BlackElo "2135"]
[PlyCount "44"]

1. e4 e5 2. Nf3 Nc6 3. Nc3 Nf6 4. Nxe5 Nxe5 5. d4 Nc6 6. d5 Ne5 7. f4 Ng6 8. e5
Ng8 9. d6 cxd6 10. exd6 Qh4+ 11. g3 Qf6 12. Nb5 Kd8 13. Be3 Nh6 14. Nc7 Bxd6
15. Nxa8 Re8 16. Kf2 Nf5 17. Bxa7 Qxb2 18. Bb6+ Ke7 19. Bd3 Nh6 20. Bxg6 hxg6
21. Re1+ Kf8 22. Qxd6+ Kg8 1-0

[Event "?"]
[Site "ICS rated blitz match, 208.19"]
[Date "1997.??.??"]
[Round "?"]
[White "Brause"]
[Black "honor"]
[Result "1-0"]
[WhiteElo "2635"]
[BlackElo "2135"]
[PlyCount "22"]

1. e4 e5 2. Nf3 Nc6 3. Nc3 Nf6 4. Nxe5 Nxe5 5. d4 Nc6 6. d5 Ne7 7. e5 Nfg8 8.
d6 cxd6 9. exd6 Nc6 10. Nb5 Qa5+ 11. Bd2 Kd8 1-0

[Event "?"]
[Site "ICS rated blitz match, 208.19"]
[Date "1997.??.??"]
[Round "?"]
[White "Brause"]
[Black "honor"]
[Result "1-0"]
[WhiteElo "2635"]
[BlackElo "2135"]
[PlyCount "31"]

1. e4 e5 2. Nf3 Nc6 3. Nc3 Nf6 4. Nxe5 Nxe5 5. d4 Neg4 6. e5 Nxe5 7. dxe5 Ng8
8. Bc4 d6 9. O-O Be6 10. Bxe6 fxe6 11. Qh5+ g6 12. Qf3 d5 13. Qf4 Qd7 14. Qd4
O-O-O 15. Qxa7 Nh6 16. Qa8# 1-0